Die größten Städte Deutschlands mit B - Statistiken

Allgemein
  • Dieses Quiz wurde 457 mal gespielt
  • Das Durchschnittsergebnis liegt bei 6 aus 14
Antwortstatistiken
Bundesland Stadt % Korrekt
- Berlin/Bremen/Bremerhaven
96%
Nordrhein-Westfallen Bochum
83%
Bayern Bamberg
72%
Brandenburg Brandenburg (an der Havel)
72%
Niedersachsen Braunschweig
62%
Baden-Württemberg Baden-Baden
61%
Sachsen Bautzen
37%
Hessen Bad Homburg (von der Höhe)
26%
Rheinland-Pfalz Bad Kreuznach
26%
Saarland Blieskastel
15%
Schleswig-Holstein Bad Oldesloe
13%
Mecklenburg-Vorpommern Bad Doberan
11%
Sachsen-Anhalt Bitterfeld-Wolfen
10%
Thüringen Bad Salzungen
6%
Keine übereinstimmenden Quizze gefunden
Verteilung der Resultate
Anzahl Personen mit jedem Resultat
Perzentil nach korrekt beantworteten Fragen
Ihre Resultats-Entwicklung
Sie haben dieses Quiz noch nicht gespielt